Capitali delle Americhe - Morte Improvvisa - Statistics

Statistiche generali
  • Questo quiz è stato fatto 154 volte
  • Il punteggio medio è 12 su 24
Answers on the Grid
Answers color-coded by a green-red scale on the quiz's grid according to % correct below.
Bridgetown
Kingston
Port-au-Prince
Managua
Castries
Roseau
Nassau
St. George's
Tegucigalpa
Basseterre
Asunción
Georgetown
Paramaribo
Port of Spain
Montevideo
Sucre
San José
Belmopan
Santo Domingo
San Salvador
Caracas
Quito
Lima
Kingstown
Rosario
Santa Cruz de la Sierra
Rio de Janeiro
Sao Paulo
Cordoba
Arequipa
Medellin
Maracaibo
Toronto
Belize city
San Pedro Sula
Monterrey
Guadalajara
New York
Los Angeles
Guayaquil
Montreal
Guantanamo
Chicago
Vancouver
Valencia
 
Statistiche sulle risposte
Risposta % Corretto
Lima
73%
Caracas
71%
Montevideo
70%
Quito
62%
San Salvador
61%
Kingston
56%
Asunción
54%
Santo Domingo
54%
Tegucigalpa
54%
Port-au-Prince
53%
Georgetown
52%
Nassau
51%
Belmopan
50%
Port of Spain
50%
Sucre
49%
San José
48%
Bridgetown
47%
Managua
47%
Paramaribo
47%
Roseau
46%
Kingstown
44%
Basseterre
39%
St. George's
34%
Castries
31%
Nessun quiz corrispondente trovato
Distribuzione punteggi
Percentuale di utenti per punteggio
Percentile per numero di risposta
I tuoi punteggi nel tempo
Non hai fatto questo quiz